[Event "Christmas Open"]
[Site "Zadar CRO"]
[Date "2002.12.18"]
[Round "5"]
[White "Jakic,I"]
[Black "Sindija,F"]
[Result "1-0"]
[WhiteElo "2285"]
[BlackElo "2123"]

1.e4 c5 2.Nf3 Nc6 3.Bb5 g6 4.O-O Bg7 5.Bxc6 bxc6 6.d3 Nf6 7.Nc3 O-O 8.Be3 d6
9.h3 Rb8 10.Rb1 Nh5 11.Nh2 Be6 12.g4 Nf6 13.f4 Ne8 14.f5 Bd7 15.Qd2 Kh8 16.Nf3 f6
17.Ne2 g5 18.Ng3 Qb6 19.Qh2 d5 20.h4 h6 21.hxg5 fxg5 22.Bxg5 Nf6 23.Ne5 Qc7
24.Bxh6 Kg8 25.Bf4 Qb6 26.g5 c4+ 27.Qf2 Qb7 28.gxf6 Bxf6 29.Nxd7 Qxd7 30.e5 Bg7
31.d4 Rb7 32.Qg2 Qe8 33.Rf3 Qf7 34.c3  1-0

[Event "Cerrado CEMAR B"]
[Site "Mondariz ESP"]
[Date "2002.12.20"]
[Round "6"]
[White "Frois,A"]
[Black "Tallarico Tallarico,O"]
[Result "1-0"]
[WhiteElo "2341"]
[BlackElo "2216"]

1.e4 c5 2.Nf3 Nc6 3.Bb5 a6 4.Bxc6 dxc6 5.h3 e5 6.O-O Bd6 7.a4 a5 8.Na3 Be6
9.d3 f6 10.c3 Ne7 11.d4 cxd4 12.cxd4 exd4 13.Nxd4 Bf7 14.Be3 O-O 15.Qc2 Qc7
16.Nc4 Bh2+ 17.Kh1 Bf4 18.Bxf4 Qxf4 19.Rad1 Qc7 20.b3 Rfd8 21.f4 Ng6 22.Qc1 Rd7
23.Qe3 Rad8 24.Rd2 Bxc4 25.bxc4 Qb6 26.c5 Qb4 27.Rfd1 Qxa4 28.e5 fxe5 29.fxe5 Re8
30.e6 Rde7 31.Qg5 Qc4 32.Re1 Rf8 33.Kh2 a4 34.Qg4 Rf4 35.Nf5 Re8 36.Qg5 Qxc5
37.Nh6+ gxh6 38.Qxc5 Rf6 39.Rf2 Rff8 40.Rxf8+ Nxf8 41.Qd6  1-0

[Event "Rotary Open"]
[Site "Lindsborg Kansas USA"]
[Date "2002.12.21"]
[Round "5"]
[White "Ellis,J"]
[Black "Zilberstein,Dm"]
[Result "0-1"]
[WhiteElo "2161"]
[BlackElo "2330"]

1.e4 c5 2.Nf3 Nc6 3.Bb5 g6 4.O-O Bg7 5.Re1 Nf6 6.c3 O-O 7.d4 cxd4 8.cxd4 d5
9.e5 Ne4 10.Nc3 Bf5 11.Nh4 Nxc3 12.bxc3 Bd7 13.Bd3 Rc8 14.Bg5 f6 15.e6 fxg5
16.Nxg6 hxg6 17.exd7 Qxd7 18.Bxg6 Rf6 19.Qh5 Qd6 20.Bh7+ Kf8 21.Qg4 e6 22.g3 Nd8
23.Rac1 Nf7 24.Bd3 Re8 25.c4 Qa3  0-1

[Event "Christmas Open"]
[Site "Zadar CRO"]
[Date "2002.12.21"]
[Round "8"]
[White "Ljubicic,F"]
[Black "Brulic,D"]
[Result "1-0"]
[WhiteElo "2432"]
[BlackElo "2147"]

1.e4 c5 2.Nf3 Nc6 3.Bb5 Qb6 4.Bc4 e6 5.O-O d6 6.Re1 Nge7 7.c3 Ne5 8.Be2 N7c6
9.Na3 Be7 10.Nc2 Bf6 11.d3 O-O 12.h3 Nxf3+ 13.Bxf3 Rd8 14.Ne3 Ne5 15.Be2 d5
16.f4 Ng6 17.e5 Be7 18.Ng4 d4 19.c4 Bd7 20.Bf3 Bc6 21.Be4 Bxe4 22.Rxe4 Qc7
23.Nf2 Bh4 24.Nh1 Rab8 25.a4 Re8 26.Bd2 a5 27.g3 Bd8 28.Nf2 b6 29.Qf3 Qd7
30.b3 Bc7 31.Rf1 Rf8 32.h4 Rfe8 33.Re2 h6 34.Qh5 Bd8 35.Ne4 Qe7 36.Be1 Ra8
37.Rh2 Qf8 38.Nd6 Re7 39.Qf3 Rea7 40.h5 Ne7 41.g4 Nc8 42.Nb5 Ra6 43.f5 exf5
44.gxf5 f6 45.Qd5+ Kh7 46.e6 Ne7 47.Qd7 Rc8 48.Bg3 Raa8 49.Bd6 Kh8 50.Rg2  1-0

[Event "Rotary Open"]
[Site "Lindsborg Kansas USA"]
[Date "2002.12.22"]
[Round "7"]
[White "Zilberstein,Dm"]
[Black "Burnett,R"]
[Result "0-1"]
[WhiteElo "2330"]
[BlackElo "2437"]

1.e4 c5 2.Nf3 Nc6 3.Bb5 g6 4.Bxc6 bxc6 5.O-O Bg7 6.Re1 Nf6 7.Nc3 O-O 8.e5 Nd5
9.Ne4 d6 10.d3 dxe5 11.Nxc5 Qd6 12.Ne4 Qc7 13.Bd2 c5 14.Nc3 Nxc3 15.Bxc3 f6
16.Nd2 Bb7 17.Qe2 Rf7 18.b3 h5 19.f3 g5 20.Kf2 Bh6 21.Rg1 Rg7 22.Ne4 g4 23.Bd2 Bf4
24.Ng3 Rg5 25.Rae1 Kf8 26.Ne4 Rg6 27.Ng3 Qd7 28.Bxf4 exf4 29.Ne4 e5 30.Kf1 Rc8
31.Qf2 Qe7 32.Ke2 f5 33.Nc3 Re6 34.Kd2 Qf6 35.Re2 e4 36.fxe4 fxe4 37.Nxe4 Bxe4
38.Rge1 Bd5 39.Rxe6 Bxe6 40.Re4 f3 41.gxf3 gxf3  0-1

[Event "TSGM Dec"]
[Site "Belgrade YUG"]
[Date "2002.12.23"]
[Round "3"]
[White "Abergel,T"]
[Black "Matulovic,M"]
[Result "1-0"]
[WhiteElo "2361"]
[BlackElo "2423"]

1.e4 c5 2.Nf3 Nc6 3.Bb5 g6 4.Bxc6 dxc6 5.d3 Bg7 6.h3 Nf6 7.Nc3 Nd7 8.Be3 O-O
9.Qd2 Re8 10.Bh6 Bh8 11.h4 Nf8 12.h5 Ne6 13.hxg6 hxg6 14.O-O-O Qa5 15.Kb1 Nd4
16.Bg5 Bg7 17.Qf4 Be6 18.e5 f6 19.Bh6 Bh8 20.Bf8 Nf5 21.g4 Rxf8 22.gxf5 Bxf5
23.Nh4 Qb4 24.Qh2 Kf7 25.Nxf5 gxf5 26.e6+ Kxe6 27.Qc7 Rae8 28.Rh7 f4 29.Re1+ Kf5
30.Qd7+ e6 31.Rh5+ Kg4 32.Qh7 f5  1-0

[Event "Rotary Open"]
[Site "Lindsborg Kansas USA"]
[Date "2002.12.23"]
[Round "9"]
[White "Ellis,J"]
[Black "Paschall,W"]
[Result "0-1"]
[WhiteElo "2161"]
[BlackElo "2463"]

1.e4 c5 2.Nf3 Nc6 3.Bb5 d6 4.O-O Bd7 5.c3 Nf6 6.Re1 a6 7.Bxc6 Bxc6 8.d4 Bxe4
9.Bg5 Bd5 10.Nbd2 e6 11.c4 Bxf3 12.Qxf3 cxd4 13.Qxb7 Qc8 14.Qf3 Be7 15.Nb3 h6
16.Bh4 O-O 17.Rac1 Rb8 18.Re2 Qb7 19.Qxb7 Rxb7 20.Nxd4 Rc8 21.Rec2 g5 22.Bg3 Ne4
23.a3 Bf6 24.Rd1 Rbc7  0-1

[Event "Open A"]
[Site "Bethune FRA"]
[Date "2002.12.26"]
[Round "1"]
[White "Safranska,A"]
[Black "Kieffer,C"]
[Result "1-0"]
[WhiteElo "2312"]
[BlackElo "2057"]

1.e4 c5 2.Nf3 Nc6 3.Bb5 g6 4.O-O Bg7 5.Re1 Nd4 6.Bc4 b5 7.Bf1 Qb6 8.Nc3 a6
9.a4 bxa4 10.Nxa4 Qc7 11.Bc4 e6 12.d3 Ne7 13.Bg5 d6 14.Nc3 Bb7 15.h3 O-O
16.Nh2 f6 17.Bf4 Kh8 18.Nb1 f5 19.Bg5 e5 20.c3 Ndc6 21.f3 h6 22.Be3 Na5 23.Ba2 Rab8
24.Nf1 f4 25.Bf2 Ba8 26.Re2 Bf6 27.Na3 Nc8 28.Rc2 Nb6 29.Nd2 Qe7 30.Qe1 Bc6
31.b4 Nb7 32.Rb1 Nd7 33.Bc4 Ra8 34.Bb3 a5  1-0

[Event "11th Donau Open"]
[Site "Aschach AUT"]
[Date "2002.12.27"]
[Round "2"]
[White "Mahdi,K"]
[Black "Brandstaetter,F"]
[Result "1-0"]
[WhiteElo "2374"]
[BlackElo "2183"]

1.e4 c5 2.Nf3 Nc6 3.Bb5 e6 4.Bxc6 bxc6 5.d3 d5 6.O-O Nf6 7.Nc3 Be7 8.Re1 O-O
9.Bf4 Ne8 10.Na4 f6 11.e5 f5 12.c4 Nc7 13.Qd2 Na6 14.Bg5 Rb8 15.b3 Rb7 16.Bxe7 Rxe7
17.cxd5 cxd5 18.Rac1 Rc7 19.Qa5 Qe7 20.d4 c4 21.bxc4 Rxc4 22.Nb2 Rxc1 23.Rxc1 Qb7
24.Nd3 Bd7 25.h4 Rc8 26.Kh2 h6 27.Rxc8+ Qxc8 28.Nf4 Kf7 29.h5 Qb7 30.Ng6 Be8
31.Qd8 Qc7 32.Qd6 Qxd6 33.exd6 Nb8 34.Nfe5+ Kf6 35.Nf8  1-0

[Event "11th Donau Open"]
[Site "Aschach AUT"]
[Date "2002.12.27"]
[Round "2"]
[White "Mueller,Ro"]
[Black "Hardicsay,P"]
[Result "0-1"]
[WhiteElo "2188"]
[BlackElo "2309"]

1.e4 c5 2.Nf3 Nc6 3.Bb5 e6 4.Bxc6 bxc6 5.d3 Ne7 6.h4 d6 7.Nbd2 e5 8.Nf1 f6
9.Ne3 Be6 10.h5 Qd7 11.Nh4 g6 12.Qf3 f5 13.g3 fxe4 14.dxe4 O-O-O 15.Qe2 Bg7
16.Bd2 Qb7 17.O-O Bf6 18.Rfb1 Bxh4 19.b4 c4 20.b5 Kd7 21.Nxc4 Bxc4 22.Qg4+ Ke8
23.bxc6 Qxc6 24.Qxh4 Rf8 25.Bg5 Rf7 26.Rb2 Ba6 27.Rab1 Kd7 28.Qg4+ Ke8 29.Rb8 Bc8
30.Qh4 Qc5 31.Bxe7 Qxf2+ 32.Kh1 Qf3+ 33.Kg1 Rxe7 34.hxg6 hxg6 35.Rf1 Qe3+
36.Kh1 Kd7 37.Rb3 Qe2 38.Kg1 Qh5 39.Qf6 Rh8  0-1

[Event "Open A"]
[Site "Bethune FRA"]
[Date "2002.12.27"]
[Round "2"]
[White "Jagodzinski,A"]
[Black "Van der Weide,K"]
[Result "1/2-1/2"]
[WhiteElo "2181"]
[BlackElo "2400"]

1.e4 c5 2.Nf3 Nc6 3.Bb5 e6 4.O-O Nge7 5.Re1 a6 6.Bf1 d5 7.exd5 Nxd5 8.c3 Nf6
9.a3 Bd7 10.d4 cxd4 11.cxd4 Be7 12.Nc3 O-O 13.h3 Rc8 14.Be3 Be8 15.Rc1 Bd6
16.Bd3 Ne7 17.Bg5 Bc6 18.Ne5 Ng6 19.h4 Be7 20.Nxc6 Rxc6 21.h5 Nd5 22.Nxd5  1/2-1/2

[Event "38th Junior"]
[Site "Hallsberg SWE"]
[Date "2002.12.28"]
[Round "1"]
[White "Sedlak,N"]
[Black "Tikkanen,H"]
[Result "1-0"]
[WhiteElo "2497"]
[BlackElo "2313"]

1.e4 c5 2.Nf3 Nc6 3.Bb5 g6 4.O-O Bg7 5.c3 Nf6 6.Qa4 O-O 7.d4 cxd4 8.cxd4 d6
9.Nc3 Bd7 10.d5 Nb8 11.Be3 a6 12.Bxd7 Nbxd7 13.Qb4 Ng4 14.Bg5 h6 15.Bh4 Nc5
16.Rad1 Qd7 17.h3 Ne5 18.Nxe5 Bxe5 19.f4 a5 20.Qc4 Bxc3 21.bxc3 b5 22.Qd4 Na4
23.Qd2 f6 24.Bf2 Rac8 25.Bd4 Rc4 26.Rf3 Nc5 27.Qe2 e5 28.dxe6 Nxe6 29.Rg3 Nxd4
30.cxd4 Kg7 31.h4 Re8 32.f5 g5 33.hxg5 hxg5 34.Rh3 Qf7 35.Qd3 b4 36.Qg3 Rxe4
37.Qh2 Rh4 38.Rxh4 gxh4 39.Qxh4 Rc3 40.Rf1 d5 41.Rf4 Rc1+ 42.Kf2 Rc2+ 43.Kg3 Kf8
44.Rg4 Rc3+ 45.Kh2 Qc7+ 46.g3 Rc2+ 47.Kh3  1-0

[Event "XVIII Winter Open"]
[Site "Nice FRA"]
[Date "2002.12.28"]
[Round "4"]
[White "Acher,M"]
[Black "Delorme,L"]
[Result "1/2-1/2"]
[WhiteElo "2308"]
[BlackElo "2010"]

1.e4 c5 2.Nf3 Nc6 3.Bb5 g6 4.O-O Bg7 5.Bxc6 dxc6 6.d3 e5 7.b3 Qe7 8.Nbd2 Nf6
9.Nc4 Nd7 10.a4 O-O 11.Qe2 Re8 12.Ba3 Nf8 13.Qe3 b6 14.a5 Rb8 15.axb6 axb6
16.Nxb6 Ne6 17.Na4 Rb5 18.Rab1 Qa7 19.c4 Ra5 20.Bxc5 Rxc5 21.Nxc5 Qxc5 22.b4 Qd6
23.Rfd1 Nf4 24.Ne1 Bh6 25.Qf3 Bg5 26.b5 h5 27.h3 cxb5 28.Rxb5 Re6 29.d4 Ba6
30.dxe5 Qc7 31.Rb4 Qxe5 32.Nd3  1/2-1/2

[Event "Open A"]
[Site "Bethune FRA"]
[Date "2002.12.29"]
[Round "5"]
[White "Degraeve,JM"]
[Black "Lazarev,V"]
[Result "1-0"]
[WhiteElo "2575"]
[BlackElo "2477"]

1.e4 c5 2.Nf3 Nc6 3.Bb5 Nf6 4.Nc3 Qc7 5.O-O Nd4 6.Re1 a6 7.e5 Nxb5 8.exf6 Nxc3
9.fxg7 Bxg7 10.dxc3 d6 11.Qd5 e5 12.Rd1 Bf8 13.Ng5 Rg8 14.f4 h6 15.fxe5 dxe5
16.Nxf7 Bg4 17.Rf1 Rg7 18.Nxe5 Rd8 19.Qe4 Be6 20.Ng6 Rxg6 21.Qxg6+ Bf7 22.Qe4+ Be7
23.Bxh6 Qd6 24.Bg5 Bg6 25.Qxe7+ Qxe7 26.Bxe7 Kxe7 27.Rae1+  1-0

[Event "26th Christmas Open Masters"]
[Site "Zurich SUI"]
[Date "2002.12.29"]
[Round "5"]
[White "Pikula,D"]
[Black "Carron,J"]
[Result "1-0"]
[WhiteElo "2485"]
[BlackElo "2268"]

1.e4 c5 2.Nf3 Nc6 3.Bb5 e6 4.Bxc6 bxc6 5.d3 Qc7 6.O-O e5 7.c3 d6 8.d4 cxd4
9.cxd4 Nf6 10.Re1 Rb8 11.b3 exd4 12.Nxd4 g6 13.Bb2 Bg7 14.e5 dxe5 15.Nf5 O-O
16.Bxe5  1-0

[Event "Open A"]
[Site "Bethune FRA"]
[Date "2002.12.30"]
[Round "7"]
[White "Degraeve,JM"]
[Black "Jossien,R"]
[Result "1-0"]
[WhiteElo "2575"]
[BlackElo "2181"]

1.e4 c5 2.Nf3 Nc6 3.Bb5 e6 4.O-O Nge7 5.Re1 a6 6.Bxc6 Nxc6 7.d4 cxd4 8.Nxd4 d6
9.Nc3 Be7 10.Nxc6 bxc6 11.Qg4 O-O 12.Bh6 Bf6 13.e5 dxe5 14.Rad1 Qe7 15.Ne4 Kh8
16.Be3 Rg8 17.Bc5 Qc7 18.Nxf6 gxf6 19.Qh4 Rg6 20.Re3 Bb7 21.Red3 Rag8 22.Rd7 Qa5
23.Rxf7 h6 24.b4 Qxa2 25.g3 Bc8 26.Be7 Re8 27.Qe4  1-0

[Event "Open A"]
[Site "Bethune FRA"]
[Date "2002.12.30"]
[Round "7"]
[White "Jossien,A"]
[Black "Daels,M"]
[Result "1-0"]
[WhiteElo "2355"]
[BlackElo "2186"]

1.e4 c5 2.Nf3 Nc6 3.Bb5 g6 4.c3 Nf6 5.Qe2 Bg7 6.O-O O-O 7.d4 cxd4 8.cxd4 d5
9.e5 Ne4 10.h3 Bd7 11.Nc3 Nxc3 12.bxc3 Na5 13.Bd3 Rc8 14.Bd2 Nc4 15.Ng5 Nxd2
16.Qxd2 f6 17.exf6 exf6 18.Nf3 Qc7 19.Rab1 Rfe8 20.Rfc1 Be6 21.h4 Bf7 22.h5 g5
23.Bf5 Rcd8 24.Qd3 Bxh5 25.Bxh7+ Kh8 26.Bg6 Bxg6 27.Qxg6 Re7 28.g3 Qc8 29.Kg2 Qg4
30.Re1 Rxe1 31.Rxb7 Rg8 32.Nxe1 Qe4+ 33.Qxe4 dxe4 34.c4 f5 35.Nc2 Rc8 36.c5 f4
37.gxf4 gxf4 38.Rxa7 Bh6 39.Re7 Rg8+ 40.Kf1 f3 41.Rxe4 Rb8 42.c6  1-0

[Event "XVIII Winter Open"]
[Site "Nice FRA"]
[Date "2002.12.30"]
[Round "7"]
[White "Lamorelle,Y"]
[Black "Gregoire,S"]
[Result "1-0"]
[WhiteElo "2199"]
[BlackElo "2286"]

1.e4 c5 2.Nf3 Nc6 3.Bb5 g6 4.O-O Bg7 5.c3 Nf6 6.Re1 O-O 7.e5 Nd5 8.d4 cxd4
9.cxd4 d6 10.Nc3 Nxc3 11.bxc3 dxe5 12.Bxc6 bxc6 13.Nxe5 Qd5 14.Ba3 Re8 15.c4 Qe6
16.Qa4 Bd7 17.Rad1 Bxe5 18.Rxe5 c5 19.Qa5 Qxc4 20.Qxc5 Qxa2 21.Rxe7 Qb3 22.Qc1 Rac8
23.Rxe8+ Rxe8 24.Bc5 Re2 25.h3 Qd5 26.Qh6 Re8 27.Ra1 Bc6 28.f3 Qf5 29.Rxa7 Qb1+
30.Kh2 Qb8+ 31.Kg1 Qg3 32.Ra1 Bxf3 33.Qd2 Bd5 34.Qf2 Qd3 35.Re1 Ra8 36.Re5 Qb3
37.Qe2 Bc6 38.d5  1-0

[Event "TCh-NOR Qualifier"]
[Site "NOR"]
[Date "2002.??.??"]
[Round "1"]
[White "Svedenborg,P"]
[Black "Romsdal,T"]
[Result "1-0"]
[WhiteElo "2228"]
[BlackElo "2243"]

1.e4 c5 2.Nf3 Nc6 3.Bb5 g6 4.c3 a6 5.Ba4 Bg7 6.d4 b5 7.Bb3 cxd4 8.cxd4 Bb7
9.Nc3 d6 10.O-O Nf6 11.Qe2 O-O 12.e5 dxe5 13.dxe5 Ng4 14.Bf4 Na5 15.Rfd1 Qe8
16.Bd5 Rc8 17.Rac1 h5 18.b4 Bxd5 19.Nxd5 Rxc1 20.Bxc1 Nc4 21.e6 f5 22.a4 Nf6
23.Nf4 Ne4 24.axb5 axb5 25.Rd7 Rf6 26.Qd3 Ned6 27.Ra7 Rf8 28.Nd5 Bf6 29.Bh6 Nb2
30.Nxf6+ Rxf6 31.Qd5 Qd8 32.Ra8  1-0

[Event "TCh-NOR Qualifier"]
[Site "NOR"]
[Date "2002.??.??"]
[Round "8"]
[White "Gronn,A"]
[Black "Henriksen,G"]
[Result "1-0"]
[WhiteElo "2310"]
[BlackElo "2209"]

1.Nf3 c5 2.e4 Nc6 3.Bb5 g6 4.O-O Bg7 5.c3 Nf6 6.Re1 O-O 7.d4 d5 8.exd5 Qxd5
9.c4 Qd6 10.d5 Nd4 11.Nxd4 cxd4 12.Nd2 a6 13.Ba4 b5 14.cxb5 axb5 15.Bxb5 Nxd5
16.Ne4 Qb6 17.Bc4 Be6 18.Qe2 Rfc8 19.Bd3 Nb4 20.Bg5 Nxd3 21.Qxd3 f6 22.Bd2 Bc4
23.Qh3 Rc7 24.b3 Bd5 25.Qd3 e5 26.f3 f5 27.Nf2 Qb7 28.Re2 Re7 29.Bg5 e4 30.Qd1 Re6
31.Rc1 Rae8 32.fxe4 fxe4 33.Rec2 Rc6 34.Rxc6 Bxc6 35.Ng4 Rf8 36.Bh6 Rd8 37.Bxg7 Kxg7
38.Qd2 e3 39.Nxe3 dxe3 40.Qxd8 e2 41.Qd4+  1-0

[Event "38th Junior"]
[Site "Hallsberg SWE"]
[Date "2003.01.03"]
[Round "7"]
[White "Grecescu,G"]
[Black "Semcesen,D"]
[Result "1-0"]
[WhiteElo "2187"]
[BlackElo "2185"]

1.e4 c5 2.Nf3 Nc6 3.Bb5 g6 4.O-O Bg7 5.Re1 Nf6 6.e5 Nd5 7.Nc3 Nc7 8.Bf1 O-O
9.d3 Ne6 10.Ne4 Qc7 11.g3 Nxe5 12.Nxe5 Bxe5 13.Ng5 d6 14.c3 Bf6 15.Ne4 Bg7
16.Bg2 Bd7 17.h4 h6 18.f4 Rae8 19.h5 Nd8 20.hxg6 fxg6 21.Be3 Kh7 22.d4 b6
23.Qd2 Nf7 24.b4 cxb4 25.cxb4 d5 26.Nf2 Be6 27.Rac1 Qd7 28.Nd3 Bf5 29.Ne5 Nxe5
30.dxe5 e6 31.Rc3 Rc8 32.Rec1 Rfd8 33.Bd4 Bf8 34.a3 Rc4 35.Bf1 Rxc3 36.Qxc3 g5
37.fxg5 Be7 38.Qc7 Bxg5 39.Bb5 Qxc7 40.Rxc7+ Kg8 41.Bc6 a5 42.b5 Rb8 43.Kf2 Bg4
44.Ke1 h5 45.Bb7 h4 46.gxh4 Bxh4+ 47.Kd2 Bg5+ 48.Be3 Bd8 49.Rd7 Bh5 50.Bc6 Bh4
51.Bh6 Bf7 52.Ke3 Be1 53.Bg5 Bc3 54.Bf6 Bb2 55.a4 Ba3 56.Rc7 Bc5+ 57.Kf4 Kf8
58.Bd7 d4 59.Bc6 Bg6 60.Be4 Bf7 61.Kg5 Kg8 62.Bg6 Rf8 63.Kh6  1-0

[Event "38th Junior"]
[Site "Hallsberg SWE"]
[Date "2003.01.04"]
[Round "8"]
[White "Sedlak,N"]
[Black "Grecescu,G"]
[Result "1-0"]
[WhiteElo "2497"]
[BlackElo "2187"]

1.e4 c5 2.Nf3 Nc6 3.Bb5 g6 4.Bxc6 bxc6 5.O-O Bg7 6.Re1 c4 7.e5 a5 8.Nc3 f5
9.b3 Ba6 10.Ba3 e6 11.Na4 Nh6 12.Nb2 c3 13.dxc3 Nf7 14.c4 g5 15.Nd3 g4 16.Nd4 Ng5
17.Nf4 Qc7 18.Bd6 Qb6 19.c5 Qa7 20.c4 h5 21.Qd3 O-O-O 22.a3 Nf7 23.b4 Nxd6
24.cxd6 c5 25.Nb3 Kb8 26.Nxc5 Rc8 27.Nxa6+ Qxa6 28.c5 Qa7 29.Ng6 Rh6 30.Ne7 Re8
31.c6  1-0

[Event "9th Open"]
[Site "Bosnjaci CRO"]
[Date "2003.01.06"]
[Round "6"]
[White "Licina,Z"]
[Black "Pap,M"]
[Result "0-1"]
[WhiteElo "2208"]
[BlackElo "2407"]

1.e4 c5 2.Nf3 Nc6 3.Bb5 g6 4.O-O Bg7 5.Bxc6 dxc6 6.d3 e5 7.h3 Qe7 8.Nc3 Nf6
9.Be3 h6 10.Nh2 O-O 11.Qd2 Kh7 12.a4 a5 13.b3 Nh5 14.Ne2 b6 15.Rae1 Be6 16.g4 Nf6
17.Kg2 b5 18.Ra1 c4 19.axb5 cxd3 20.cxd3 cxb5 21.Rxa5 Rxa5 22.Qxa5 Qb7 23.Ng3 Bxb3
24.Rb1 Ra8 25.Qb6 Qxb6 26.Bxb6 Ba4 27.Nf3 Nd7 28.Be3 Rc8 29.d4 Rc4 30.dxe5 Nxe5
31.Nxe5 Bxe5 32.f4 Bg7 33.e5 b4 34.Kf3 Bf8 35.Ne2 Bc2 36.Ra1 Be4+ 37.Kf2 b3
38.Bd4 Rxd4 39.Nxd4 b2 40.Re1 Bc5 41.Ke3 b1=Q  0-1

[Event "Troll Masters"]
[Site "Gausdal NOR"]
[Date "2003.01.07"]
[Round "1"]
[White "Kovalevskaya,E"]
[Black "Karlsen,T"]
[Result "1-0"]
[WhiteElo "2452"]
[BlackElo "2135"]

1.e4 c5 2.Nf3 Nc6 3.Bb5 g6 4.O-O Bg7 5.c3 Nf6 6.Re1 O-O 7.h3 d5 8.e5 Ne8
9.d4 cxd4 10.cxd4 Qb6 11.Nc3 Nc7 12.Ba4 a6 13.Bc2 Qa7 14.Be3 b5 15.Rc1 Bd7
16.Qd2 Rfd8 17.Ne2 a5 18.Bh6 Ne6 19.Rcd1 Rdc8 20.Bb3 Nc7 21.Bxg7 Kxg7 22.Nf4 e6
23.Bc2 Ne7 24.Nh2 Ne8 25.Bb1 b4 26.Ng4 Ng8 27.h4 Ba4 28.b3 Bb5 29.h5 Qe7
30.hxg6 hxg6 31.g3 Rc3 32.Kg2 Rac8 33.Rh1 Qc7 34.Bxg6 Kf8 35.Rh8  1-0

[Event "Australian Open"]
[Site "Penrith AUS"]
[Date "2003.01.07"]
[Round "7"]
[White "Schultz Pedersen,J"]
[Black "Van Renen,M"]
[Result "1-0"]
[WhiteElo "2194"]
[BlackElo "2082"]

1.e4 c5 2.Nf3 Nc6 3.Bb5 Nd4 4.Nxd4 cxd4 5.O-O Qb6 6.Bc4 g6 7.d3 Bg7 8.Qf3 Qf6
9.Qg3 h6 10.Bd2 Qe5 11.f4 Qc5 12.Kh1 Nf6 13.Na3 a6 14.f5 d5 15.b4 Qb6 16.Bxd5 Nxd5
17.exd5 O-O 18.Nc4 Qf6 19.fxg6 Qxg6 20.Qxg6 fxg6 21.Rxf8+  1-0

[Event "Troll Masters"]
[Site "Gausdal NOR"]
[Date "2003.01.10"]
[Round "5"]
[White "Valenti,G"]
[Black "Faldt,M"]
[Result "1/2-1/2"]
[WhiteElo "2230"]
[BlackElo "2252"]

1.e4 c5 2.Nf3 Nc6 3.Bb5 e6 4.O-O Nge7 5.b3 a6 6.Bxc6 Nxc6 7.Bb2 Qc7 8.c4 d6
9.d4 cxd4 10.Nxd4 Bd7 11.Nc3 Be7 12.Rc1 Qa5 13.Qd2 O-O 14.Rcd1 Rfe8 15.Rfe1 Bf8
16.Nc2 Rad8 17.Qe2 Bc8 18.Ne3 Qg5 19.Rf1 Qe7 20.f4 Qc7 21.Kh1 f5 22.exf5 exf5
23.Qf3 Qf7 24.Ned5 Nb8 25.Qg3 Kh8 26.Qh4 Be7 27.Nxe7 Qxe7 28.Qxe7 Rxe7 29.Rfe1 Rde8
30.Rxe7 Rxe7 31.Kg1 Kg8 32.Rxd6 Rd7 33.Rxd7 Bxd7 34.Kf2 Bc6 35.Nd5 Kf7 36.Ke3 Nd7
37.Bd4 Nf8 38.a3 Ne6 39.a4 Ke8 40.Nc3 Bxg2 41.b4 Bf1 42.c5 Bc4 43.Be5 Kd7
44.Ne2 Bb3 45.Nd4 Nxd4 46.Kxd4 Bxa4 47.Bxg7 Ke6  1/2-1/2

[Event "Troll Masters"]
[Site "Gausdal NOR"]
[Date "2003.01.10"]
[Round "5"]
[White "Simonsen,O"]
[Black "Nygren,K"]
[Result "1/2-1/2"]
[WhiteElo "2265"]
[BlackElo "2202"]

1.e4 c5 2.Nf3 Nc6 3.Bb5 d6 4.O-O Bg4 5.c3 Nf6 6.d4 cxd4 7.cxd4 d5 8.exd5 Bxf3
9.Qxf3 Qxd5 10.Qe2 e6 11.Nc3 Qxd4 12.Rd1 Qb6 13.Be3 Qc7 14.Bd4 Be7 15.Bxf6 Bxf6
16.Nd5 Qe5 17.Nxf6+ Qxf6 18.Rac1 Rc8 19.Bxc6+ Rxc6 20.Rxc6 bxc6 21.Rd6 O-O
22.Rxc6 Rd8 23.h3 g6 24.Rc2 Rd5 25.g3 h5 26.h4 Re5 27.Qd3 Rd5 28.Qc3 Rd1+
29.Kg2 Qf5 30.Rd2 Qe4+ 31.f3 Qb1 32.Rxd1 Qxd1 33.Qe3 a5 34.b3 Qd5 35.Kf2 e5
36.Qc3 a4 37.Ke3 a3 38.Qb4 Qd1 39.Qxa3 Qe1+ 40.Kd3 Qxg3 41.Qa8+ Kg7 42.Qe4 g5
43.hxg5 h4 44.Qf5 h3 45.Qf6+ Kg8 46.Qd8+ Kh7 47.Qf6 e4+ 48.Kxe4 Qh4+ 49.Ke3 Qe1+
50.Kf4 Qh4+  1/2-1/2

[Event "Troll Masters"]
[Site "Gausdal NOR"]
[Date "2003.01.13"]
[Round "8"]
[White "Valenti,G"]
[Black "Ask,J"]
[Result "0-1"]
[WhiteElo "2230"]
[BlackElo "2128"]

1.e4 c5 2.Nf3 Nc6 3.Bb5 g6 4.O-O Bg7 5.Bxc6 bxc6 6.Re1 f6 7.d3 d6 8.Be3 Nh6
9.Qd2 Nf7 10.d4 cxd4 11.Nxd4 Bd7 12.f4 c5 13.Nf3 Bc6 14.Nc3 Rb8 15.Rab1 Qd7
16.b3 O-O 17.Rbd1 Qb7 18.Qd3 e6 19.Bf2 Rbd8 20.h3 f5 21.exf5 gxf5 22.Nh4 Qb4
23.Ne2 Kh8 24.c3 Qb7 25.Ng3 Rg8 26.Nh5 Be4 27.Qe3 Bh6 28.Nf6 Bxg2 29.Nxg8 Rxg8
30.Kh2 e5 31.Bg3 Be4 32.Rf1 Qe7 33.Qe1 exf4 34.Bxf4 Qxh4 35.Qxh4 Rg2+ 36.Kh1 Rg4+
37.Kh2 Rxh4 38.Bg3 Rh5 39.Bxd6 Bg7 40.Bg3 Bxc3 41.Rd7 Ng5 42.h4 Bf6 43.Kg1 Nf3+
44.Kf2 Nxh4 45.Rxa7 Bd4+ 46.Ke2 Ng6 47.Kd1 Ne5 48.Re7 Nd3  0-1

[Event "Troll Masters"]
[Site "Gausdal NOR"]
[Date "2003.01.13"]
[Round "8"]
[White "Westerinen,H"]
[Black "Faldt,M"]
[Result "0-1"]
[WhiteElo "2374"]
[BlackElo "2252"]

1.e4 c5 2.Nf3 Nc6 3.Bb5 e6 4.O-O Nge7 5.Re1 a6 6.Bf1 d5 7.exd5 Nxd5 8.d4 Nf6
9.Be3 cxd4 10.Nxd4 Nxd4 11.Qxd4 Qxd4 12.Bxd4 Be7 13.g3 Bd7 14.Bg2 Bc6 15.Bxc6+ bxc6
16.Nc3 O-O-O 17.Rad1 c5 18.Be5 Kb7 19.Kg2 Kc6 20.Kf3 h5 21.h3 Rxd1 22.Rxd1 Rd8
23.g4 Rxd1 24.Nxd1 hxg4+ 25.hxg4 Ne8 26.Ne3 f6 27.Bg3 g5 28.c4 Bd6 29.Nf1 f5
30.Bxd6 Kxd6 31.Nh2 Nf6 32.gxf5 exf5 33.Ke2 g4 34.Nf1 Ke5 35.Ne3 Ke4 36.Nc2 a5
37.Na3 f4 38.Nb5 f3+ 39.Kd2 Kf4 40.Nc7 g3 41.fxg3+ Kxg3 42.Ne6 Ne4+  0-1

[Event "LXIX ch-BRA"]
[Site "Brasilia BRA"]
[Date "2003.01.14"]
[Round "7"]
[White "Olivencia,F"]
[Black "Marques,V"]
[Result "1/2-1/2"]
[WhiteElo "2226"]
[BlackElo "2319"]

1.e4 c5 2.Nf3 Nc6 3.Bb5 g6 4.O-O Bg7 5.c3 Nf6 6.Re1 O-O 7.h3 e5 8.d3 d6 9.Be3 Bd7
10.Na3 a6 11.Ba4 h6 12.Bb3 b5 13.Bc2 Re8 14.Qd2 Kh7 15.b4 cxb4 16.cxb4 d5
17.Bc5 Be6 18.Nb1 Nd7 19.a4 Nxc5 20.bxc5 b4 21.a5 dxe4 22.dxe4 b3 23.Bd3 Qe7
24.Qc3 Nd4 25.Nbd2 Rec8 26.Rec1 Rc6 27.Nxd4 exd4 28.Qb4 Qg5 29.Kf1 Rcc8 30.Nf3 Qf4
31.Rab1 Bxh3 32.Ng1 Be6 33.c6 Ra7 34.Ne2 Qe5 35.f4 Qh5  1/2-1/2

[Event "TCh-CZE 2002-3"]
[Site "Czech Rep CZE"]
[Date "2003.01.18"]
[Round "5"]
[White "Lipka,J"]
[Black "Kovalev,A"]
[Result "0-1"]
[WhiteElo "2428"]
[BlackElo "2539"]

1.e4 c5 2.Nf3 Nc6 3.Bb5 e6 4.Bxc6 bxc6 5.d3 Ne7 6.Qe2 f6 7.Nh4 g6 8.f4 Bg7
9.O-O O-O 10.Nf3 d6 11.e5 Nf5 12.exd6 Qxd6 13.Na3 Nd4 14.Qf2 e5 15.Nd2 Bf5
16.Ndc4 Qd7 17.Be3 Rae8 18.Rfe1 Qd5 19.Bd2 Bc8 20.Ne3 Qd8 21.Nec4 g5 22.c3 Ne6
23.f5 Nf4 24.Bxf4 gxf4 25.Qxc5 Rf7 26.d4 Bf8 27.Qa5 Qd5 28.Qxd5 cxd5 29.Nd2 Bxf5
30.Nf3 e4 31.Nh4 Bd7 32.g3 Rg7 33.Kf2 Bd6 34.gxf4 Bxf4 35.Rg1 Bg5 36.Ng2 e3+
37.Kf3 h5 38.Nc2 Bg4+ 39.Kg3 Bh6 40.Nb4 Be2+ 41.Kh3 Bg4+ 42.Kg3 a5  0-1

[Event "TSGM Jan"]
[Site "Novi Sad YUG"]
[Date "2003.01.18"]
[Round "1"]
[White "Balogh,C"]
[Black "Pap,M"]
[Result "0-1"]
[WhiteElo "2448"]
[BlackElo "2407"]

1.e4 c5 2.Nf3 Nc6 3.Bb5 g6 4.Bxc6 dxc6 5.h3 Bg7 6.d3 b6 7.Nc3 e5 8.Be3 Nf6
9.Qd2 Nh5 10.Bh6 Qf6 11.Ne2 O-O 12.O-O-O Re8 13.Rdf1 Bh8 14.Nh2 Nf4 15.Ng4 Qe6
16.Kb1 c4 17.Bxf4 exf4 18.Nxf4 Qe7 19.dxc4 Bxg4 20.hxg4 Qxe4 21.Nd3 Bg7 22.f3 Qxc4
23.Rh3 Rad8 24.Rfh1 Qd4 25.Qf4 h6 26.Qxd4 Rxd4 27.R3h2 Re3 28.b3 c5 29.Kc1 c4
30.bxc4 Rxc4 31.Kd1 Re6 32.g3 Ra4 33.Nc1 Ra3 34.Rf1 Ree3 35.Rhf2 Bb2 36.Nd3 Bc3
37.Nc1 Bb2 38.Nd3 Rxa2 39.Nxb2 Rxb2 40.Kd2 Ra3 41.Re2 Kf8 42.Re4 Rb5 43.Rd4 Rc5
44.Rd3 Ra2 45.Rc1 b5 46.f4 a5 47.Rd7 b4 48.Rd3 a4 49.Kd1 Rb2 50.Rd2 Rc3 51.Ra1 a3  0-1

[Event "Tch-SWE 2002-3"]
[Site "Sweden SWE"]
[Date "2003.01.18"]
[Round "6"]
[White "Djurhuus,R"]
[Black "Hall,Je"]
[Result "1-0"]
[WhiteElo "2479"]
[BlackElo "2489"]

1.e4 c5 2.Nf3 Nc6 3.Bb5 g6 4.Bxc6 bxc6 5.O-O Bg7 6.Re1 Nf6 7.Nc3 O-O 8.e5 Nd5
9.Nxd5 cxd5 10.d4 d6 11.Bf4 dxe5 12.Nxe5 Bb7 13.dxc5 Rc8 14.b4 f6 15.Nf3 e5
16.Bc1 d4 17.Bb2 Rf7 18.Qe2 Qd5 19.Red1 Rd7 20.Ne1 Rcd8 21.a4 f5 22.c3 a5
23.c4 Qc6 24.b5 Qxc5 25.Ba3 Qc7 26.c5 Bd5 27.c6 Rf7 28.Rab1 e4 29.Rdc1 d3
30.Qd2 Rb8 31.Bb2 Bxb2 32.Rxb2 f4 33.Nxd3 exd3 34.Qxd3 Be6 35.Qd4 Rd8 36.Qc3 Qb6
37.h4 f3 38.Qe3 Qxe3 39.fxe3 Bd5 40.Rd2 f2+ 41.Rxf2 Rxf2 42.Kxf2 Kf7 43.b6 Ke6
44.Kg3 Re8 45.c7 Kd7 46.Rd1 Rxe3+ 47.Kf4 Re4+ 48.Kg5 Re5+ 49.Kh6 Kc8 50.Kxh7 Kb7
51.Kxg6 Be6 52.h5 Re2 53.h6 Rxg2+ 54.Kf6 Bc8 55.Rd6 Rh2 56.Kg7 Rg2+ 57.Rg6 Rh2
58.h7 Bf5 59.Rh6 Rg2+ 60.Kf7 Bxh7 61.Rxh7 Rf2+ 62.Ke7 Re2+ 63.Kd8  1-0